Negyedmilliárdos beruházás
Elmentve itt :
| Szerző: | |
|---|---|
| Dokumentumtípus: | Cikk |
| Megjelent: |
1973-08-05
|
| Sorozat: | Délmagyarország
63 No. 182 |
| Kulcsszavak: | Rókus, vízellátás, csatornázás |
| Online Access: | http://dmarchiv.bibl.u-szeged.hu/102396 |
| LEADER | 00474nab a2200157 i 4500 | ||
|---|---|---|---|
| 001 | delm102396 | ||
| 005 | 20190329133645.0 | ||
| 008 | 190329s1973 hu o 0|| hun d | ||
| 040 | |a SZTE Délmagyarország Archívum |b hun | ||
| 041 | |a hun | ||
| 100 | 1 | |a Szávay István | |
| 245 | 1 | 0 | |a Negyedmilliárdos beruházás |h [elektronikus dokumentum] / |c Szávay István |
| 260 | |c 1973-08-05 | ||
| 300 | |a 3 | ||
| 490 | 0 | |a Délmagyarország |v 63 No. 182 | |
| 695 | |a Rókus, vízellátás, csatornázás | ||